1916 1557 1273 1011 1103 1988 1745 1114 1691 1717 1089 1851 1788 1027 1305 1066 1222 1451 1953 1715 1560 1612 1182 1487 1154 1141 1750 1349 1725 1079 1274 1250 1769 1993 1164 1778 1410 1029 1115 1465 1720 1513 1598 1007 1239 1352 1231 1010 1304 1721 1710 1192 1888 1712 1738 1273 1783 1927 1648 1703 1019 1401 1658 1251 1415 1430 1471 1245 1845 1361 1133 1039 1420 1297 1900 1956 1055 1171 1770 1675 1394 1310 1728 1223 1513 1155 1219 1563 1161 1708 1861 1981 1021 1629 1574 1977 1409 1833 1843 BCNSPRNW ULIB Ver.6.0+V

เปลี่ยนเป็นภาษาไทย

Change to English
 แสดงรายละเอียดบรรณานุกรม
  กลับหน้าหลัก

Brief Record : Get Marc (ISO 2709) : E-mail record : QR code < ปิดหน้าต่าง
LEADER : 00000nam 2200000uu 4500
001    13399113583
003     ULIB
008    111201s2550||||th 000 0 tha d
020    ^a9789740902348
090    ^aนว.^bป524พ 2550
100 0  ^aปัญญ์ปรียา
245 00 ^aณ ที่แห่งรัก/^cปัญญ์ปรียา
250    ^aพิมพ์ครั้งที่ 2
260    ^aกรุงเทพฯ :^bแจ่มใส,^c2550
300    ^a267 หน้า
710 1  ^aแจ่มใส
945    ^p169^l0^i14461
995    ^aกัณชพร
999    ^aใช้งานได้ทุกระบบ
รายการนี้ยังไม่มีแท็ก
คุณยังไม่ได้ล็อกอิน คุณสามารถมีกิจกรรมร่วมกับเว็บไซต์ได้ แต่ต้องล็อกอินก่อน ::
  ล็อกอิน

รายการสื่อสารสนเทศ

ลำดับที่ ประเภท เลขเรียก/บาร์โค้ด สถานที่ สถานะ
1. วิทยาศาสตร์การแพทย์ และสุขภาพ
วิทยาศาสตร์การแพทย์ และสุขภาพ
นว. ป524พ 2550  
  Barcode: 14461
ห้องสมุดวิทยาเขตสวรรค์ประชารักษ์
►นวนิยาย
บนชั้น
  ขอยืม

รายการใกล้เคียง
    ผู้แต่ง [ปัญญ์ปรียา]

BibComment


ยังไม่เคยถูกคอมเมนท์

คอมเมนท์ทรัพยากรรายการนี้
  คอมเมนท์: ณ ที่แห่งรัก ปัญ..


 Copyright 2026. Bcnsprnw @Library